00786nam a22001337a 4500020001800000040000900018082001500027100002000042245007200062260003100134300001200165505042500177650005000602 a9781544507859 cNUSt a158.12,GOG aGoggins, David  aCan't hurt me:bmaster your mind and Defy the odds /cDavid Goggins aAmericanb Lioncrestc2018 a294 p.; aIntroduction (Page-), I should Been A Statistic (Page-9), Truth Hurts (Page-32), The Impossible task (Page-59), Taking Souls (Page-83), Armored Mind (Page-195), It's Not About A trophy (Page-132), The Most Powerful Weapon (Page-155), Talent Not Reacquired (Page-186), Uncommon Amongst Uncommon (Page-214), The Empowerment of Failure (Page-241), What If (Page-271), Acknowledgment (Page-290), About the Author (Page-294). aMemoir and self-help guide detailing his life